00582 2200229 4500001002100000005001500021035002000036007000300056008004100059020002200100082000800122084001400130100001700144245006000161250001000221260002800231300002800259650002800287700001500315990001100330990001100341INLIS00000000000393920190820081807 a0010-0819000082ta190820 g 1 ind  a978-602-7735-12-5 a813 a813 DWI t0 aDWI, Andhika1 aTears Spring In Korea /cDwi Andhika; editor, Oki Putra acet.3 aJakarta :bZettu,c2012 avii, 199 hlm. ;c19 cm. 4aNOVEL. SASTRA INDONESIA0 aOKI, Putra a5782 a a5782 b